000 00249nam a22001097a 4500
999 _c167676
_d167676
082 _a
_b
245 _aPremchand pricharch/
_cby Ramnath (comp).
260 _aAllahabad:
_b Lokbharath,
_c
600 _aRamnath (comp).
650 _a
942 _cBK